000
00348nam a2200169Ia 4500
100
_a
Bruegge/Bernd/ Dutoit/A.H
650
_a
Java
250
_a
2
942
_c
BK
366
_f
25
654
_a
UML
245
_a
Object oriented design using UML
260
_b
Pearson Education
_c
2004
082
_b
BRU
300
_a
802
546
_a
ENGLISH
999
_c
24202
_d
24202